| 000 | 01778nam0a2200421 4500 | ||
|---|---|---|---|
| 001 | RU\NLR\BIBL_A\012586433 | ||
| 005 | 20210917115239.0 | ||
| 010 |
_a978-5-17-077871-3 _95000 |
||
| 021 |
_aRU _bКН-П-20-008077 _9КН-П-20-2247 |
||
| 035 | _a(NLR Aleph) 012586433 | ||
| 090 |
_a12538524 _c12538524 |
||
| 100 | _a20210827d2021 u y0rusy50 ca | ||
| 101 | 1 |
_arus _ceng |
|
| 102 | _aRU | ||
| 105 | _aca||zzzz0|0zb | ||
| 181 | 0 |
_ai3 _baxxe |
|
| 182 | 0 | _an | |
| 200 | 1 |
_aСтив Джобс _dSteve Jobs _e[первая и единственная биография Стива Джобса, написанная при его содействии] _fУолтер Айзексон _gпер. с англ. Д. Горяниной [и др.] _zeng |
|
| 203 |
_aТекст _bвизуальный _cнепосредственный |
||
| 210 |
_aМосква _cCORPUS _cАСТ _d2021 |
||
| 215 |
_a687, [1] с., [12] л. ил., портр. _d25 |
||
| 300 | _aАвт. также на англ. яз.: Walter Isaacson | ||
| 320 | _aБиблиогр. в тексте примеч. | ||
| 320 | _aДр. работы авт. на клапане суперобл. | ||
| 333 | _a12+ | ||
| 510 | 1 |
_6z22790 _aSteve Jobs _zeng |
|
| 600 | 1 |
_aДжобс _bС. _f1955 - 2011 _gСтивен _92507535 _3RU\NLR\AUTH\661486766 |
|
| 686 | 1 | _aУ39(7США) | |
| 686 | 1 | _aУ9(7США)-13 | |
| 686 | 1 | _aЗ973.233д(7США)Джобс | |
| 700 | 1 |
_aАйзексон _bУ. _f1952- _gУолтер |
|
| 702 | 1 |
_4570 _7ca _8rus _aДжобс _bС. _f1955-2011 _gСтивен _998281 _3RU\NLR\AUTH\77115356 |
|
| 790 | 1 |
_6z22510 _aIsaacson _bW. _f1952- _gWalter |
|
| 942 | _cBOOK | ||
| 980 | _aNB | ||
| 996 |
_aметка _bnar |
||